| 000 -LEADER |
| fixed length control field |
00803nam a2200193 4500 |
| 001 - CONTROL NUMBER |
| control field |
21820 |
| 003 - CONTROL NUMBER IDENTIFIER |
| control field |
BD-DhUAP |
| 005 - DATE AND TIME OF LATEST TRANSACTION |
| control field |
20230529171408.0 |
| 008 - FIXED-LENGTH DATA ELEMENTS--GENERAL INFORMATION |
| fixed length control field |
230529b20202021bg a|||| |||| 001 0aBan d |
| 020 ## - INTERNATIONAL STANDARD BOOK NUMBER |
| International Standard Book Number |
9789843483942 |
| 040 ## - CATALOGING SOURCE |
| Original cataloging agency |
BD-DhUAP |
| Language of cataloging |
Ban |
| Transcribing agency |
BD-DhUAP |
| Modifying agency |
BD-DhUAP |
| 082 ## - DEWEY DECIMAL CLASSIFICATION NUMBER |
| Edition number |
22 |
| Classification number |
338.04 হোসেন |
| 100 ## - MAIN ENTRY--PERSONAL NAME |
| Personal name |
হোসেন, সাজ্জাদ |
| 245 ## - TITLE STATEMENT |
| Title |
অদম্য বাংলাদেশ / |
| Statement of responsibility, etc. |
সাজ্জাদ হোসেন । |
| 260 ## - PUBLICATION, DISTRIBUTION, ETC. |
| Place of publication, distribution, etc. |
ঢাকা. : |
| Name of publisher, distributor, etc. |
প্রথম পালক পাব. |
| Date of publication, distribution, etc. |
২০২১. |
| 300 ## - PHYSICAL DESCRIPTION |
| Extent |
১২৬ পৃ. |
| Dimensions |
২২সেমি: |
| 650 ## - SUBJECT ADDED ENTRY--TOPICAL TERM |
| Topical term or geographic name entry element |
অর্থনৈতিক উন্নয়ন অর্থনৈতিক উন্নয়ন - প্রবন্ধাবলী |
| Geographic subdivision |
বাংলাদেশ । |
| 942 ## - ADDED ENTRY ELEMENTS (KOHA) |
| Source of classification or shelving scheme |
|
| Koha item type |
Book |